Možnosti využitia fondov EÚ na zvýšenie konkurencieschopnosti podniku bakalárska práca

Uložené v:
Podrobná bibliografia
Hlavný autor: Imrich, Róbert
Korporativný autor: Podnikovohospodárska fakulta EU so sídlom v Košiciach. Katedra marketingu a obchodu
Ďalší autori: Ručinský, Rastislav
Médium: Kniha
Jazyk:Slovak
Vydavateľské údaje: Košice 2014
Tagy: Pridať tag
Žiadne tagy, Buďte prvý, kto otaguje tento záznam!

MARC

LEADER 00000nbm a2200000 4500
001 0189211
005 20170315090445.0
041 0 |a slo 
044 |a SK 
245 1 0 |a Možnosti využitia fondov EÚ na zvýšenie konkurencieschopnosti podniku  |b bakalárska práca  |c Róbert Imrich ; školiteľ: Rastislav Ručinský 
264 1 |a Košice  |c 2014 
300 |a 54 s. 
100 1 |a Imrich, Róbert 
700 1 |a Ručinský, Rastislav 
710 2 |a Podnikovohospodárska fakulta EU so sídlom v Košiciach. Katedra marketingu a obchodu